000
00327nam a22001457a 4500
008
221012b ||||| |||| 00| 0 eng d
020
_a
9781455745272
041
_a
eng
080
_2
professional edition
_a
004
082
_a
004
100
_a
19
101
_a
shk
245
_a
2013 HCPCS LEVEL II
_c
BUCK C
942
_2
udc
_c
BK
999
_c
58500
_d
58500